| 000 | 00580nam a2200241Ia 4500 | ||
|---|---|---|---|
| 001 | 21652 | ||
| 003 | GE_BSU | ||
| 008 | 181216s||||||||xx |||||||||||||| ||und|| | ||
| 020 | _a3484730021 | ||
| 040 | _cGE_BSU | ||
| 080 | _a811.112 | ||
| 100 | _aSchippan, Thea | ||
| 245 | _aLexikologie der Deutschen Gegenwartssprache | ||
| 245 | _bstudienbuch | ||
| 260 | _aTubingen | ||
| 260 | _bMax Niemeyer Verlag | ||
| 260 | _c1992 | ||
| 300 | _a306 p. 22cm. | ||
| 541 | _h12 Gel. | ||
| 653 | _aLexikologie der Deutschen Gegenwartssprache | ||
| 653 | _astudienbuch | ||
| 942 | _cBK | ||
| 999 |
_c54586 _d54586 |
||